00441cam a22001337a 4500008004000000082001200040100002100052245007900073260002800152300001000180650001500190999001900205952008300224180718b1988 xxu||||| |||| 00| 0 eng d aI5 G638 aGoodworth, Clive aSecrets of successful leadership and people managementcby Clive Goodworth aOxfordbHeinemannc1988 a128p. aManagement c345767d345767 00104070aIIPAbIIPAd1993-10-08oI5 G638p64910r2018-07-21w2018-07-21yBK